[Event "Hannover Bezirks op"]
[Site "Hannover"]
[Date "2017.05.03"]
[Round "6.6"]
[White "Majewski, Thomas"]
[Black "Frese, Immo"]
[Result "1-0"]
[WhiteElo "1770"]
[BlackElo "1788"]
[PlyCount "111"]
[EventDate "2017.01.21"]
[EventType "swiss"]
[EventRounds "7"]
[EventCountry "GER"]
[SourceTitle "EXT 2022"]
[Source "ChessBase"]
[SourceDate "2021.10.06"]
[SourceVersion "1"]
[SourceVersionDate "2021.10.06"]
[SourceQuality "1"]

1. e4 d5 2. exd5 Qxd5 3. Nc3 Qa5 4. d4 c6 5. Nf3 Bg4 6. h3 Bxf3 7. Qxf3 Nf6 8. Bc4 e6 9. Bd2 Nbd7 10. 0-0 Be7 11. Rfe1 Qd8 12. Rad1 0-0 13. Bd3 Re8 14. Ne4 Nxe4 15. Qxe4 Nf6 16. Qh4 g6 17. c3 Nh5 18. Qg4 Nf6 19. Qe2 Qc7 20. c4 Bf8 21. Qf3 Bg7 22. Bc3 Nd7 23. h4 Rad8 24. h5 Nb6 25. hxg6 hxg6 26. Qg4 Na4 27. Re3 Nxc3 28. bxc3 e5 29. Rde1 Qd7 30. Qxd7 Rxd7 31. f4 Red8 32. fxe5 Bh6 33. R3e2 Bg7 34. g4 Bh6 35. Kg2 Bf4 36. Kf3 g5 37. Rh1 Re7 38. Bf5 Rde8 39. Rh6 Rc7 40. a4 c5 41. e6 fxe6 42. Rhxe6 Rxe6 43. Bxe6+ Kf8 44. Ke4 cxd4 45. cxd4 b6 46. Kf5 Rh7 47. a5 Rh2 48. Rxh2 Bxh2 49. axb6 axb6 50. Kxg5 Kg7 51. Kf5 Bd6 52. Ke4 Kf6 53. Kd5 Bh2 54. Bf5 Bg1 55. c5 bxc5 56. dxc5 1-0

[Event "Hannover Bezirks op"]
[Site "Hannover"]
[Date "2017.04.01"]
[Round "5.7"]
[White "Kraeuter, Paavo Alexander"]
[Black "Majewski, Thomas"]
[Result "1/2-1/2"]
[WhiteElo "1689"]
[BlackElo "1770"]
[PlyCount "97"]
[EventDate "2017.01.21"]
[EventType "swiss"]
[EventRounds "7"]
[EventCountry "GER"]
[SourceTitle "EXT 2022"]
[Source "ChessBase"]
[SourceDate "2021.10.06"]
[SourceVersion "1"]
[SourceVersionDate "2021.10.06"]
[SourceQuality "1"]

1. d4 Nf6 2. c4 e6 3. g3 c5 4. d5 exd5 5. cxd5 d6 6. Nc3 g6 7. Bg2 Bg7 8. Nf3 0-0 9. 0-0 Re8 10. Re1 Nbd7 11. e4 a6 12. a4 Rb8 13. a5 b5 14. axb6 Qxb6 15. Qd3 Ng4 16. Nd2 Nde5 17. Qe2 c4 18. h3 Nf6 19. Nxc4 Nxc4 20. Qxc4 Nd7 21. Rb1 Be5 22. Be3 Qb3 23. Qc6 Qb7 24. Qxb7 Bxb7 25. Ne2 a5 26. Nd4 Nc5 27. Kh2 a4 28. f3 Nd3 29. Red1 Nb4 30. Bf1 Bg7 31. Bb5 Nxd5 32. Bxe8 Nxe3 33. Bxa4 Nxd1 34. Rxd1 d5 35. Bc2 dxe4 36. fxe4 Bxe4 37. Bxe4 Rd8 38. Bc2 Rxd4 39. Rxd4 Bxd4 40. b4 f5 41. Kg2 Kg7 42. Kf3 Kf6 43. b5 h5 44. h4 g5 45. hxg5+ Kxg5 46. Bb3 h4 47. gxh4+ Kxh4 48. Kf4 Kh5 49. Kxf5 1/2-1/2

[Event "Hannover Bezirks op"]
[Site "Hannover"]
[Date "2017.03.18"]
[Round "4.2"]
[White "Majewski, Thomas"]
[Black "Schulze, Torben"]
[Result "0-1"]
[WhiteElo "1770"]
[BlackElo "2304"]
[PlyCount "110"]
[EventDate "2017.01.21"]
[EventType "swiss"]
[EventRounds "7"]
[EventCountry "GER"]
[SourceTitle "EXT 2022"]
[Source "ChessBase"]
[SourceDate "2021.10.06"]
[SourceVersion "1"]
[SourceVersionDate "2021.10.06"]
[SourceQuality "1"]

1. e4 e6 2. d4 d5 3. Nc3 Bb4 4. e5 Ne7 5. a3 Bxc3+ 6. bxc3 b6 7. Bb5+ c6 8. Bd3 Ba6 9. Qg4 Ng6 10. h4 h5 11. Qg3 Bxd3 12. cxd3 c5 13. Ne2 Nc6 14. dxc5 bxc5 15. d4 cxd4 16. cxd4 Qa5+ 17. Bd2 Qa4 18. Bc3 Qc2 19. Qe3 Nge7 20. Rc1 Qg6 21. g3 0-0 22. Bb4 Nf5 23. Qf4 Rfc8 24. 0-0 Rab8 25. Bc5 Rb2 26. Nc3 Qg4 27. Qxg4 hxg4 28. Rfd1 Nxe5 29. Bxa7 Nf3+ 30. Kf1 Rb3 31. Bc5 N3xd4 32. Bxd4 Nxd4 33. Rxd4 Rcxc3 34. Rxc3 Rxc3 35. Rxg4 Rxa3 36. Ke2 Kf8 37. Rb4 Ra7 38. Kd3 Ke7 39. Kd4 Kd6 40. Rb6+ Kc7 41. Rb3 Ra4+ 42. Kd3 e5 43. f3 g6 44. Rb5 Kc6 45. Rb8 Ra3+ 46. Ke2 Ra2+ 47. Kd3 Ra3+ 48. Ke2 Kc5 49. Rb7 f5 50. Rg7 Ra2+ 51. Kd3 e4+ 52. fxe4 fxe4+ 53. Ke3 Ra3+ 54. Kf2 Rf3+ 55. Kg2 Rf6 0-1

[Event "Hannover Bezirks op"]
[Site "Hannover"]
[Date "2017.02.18"]
[Round "3.7"]
[White "Majewski, Thomas"]
[Black "Niemann, Leon Pascal"]
[Result "1-0"]
[WhiteElo "1770"]
[BlackElo "1423"]
[PlyCount "111"]
[EventDate "2017.01.21"]
[EventType "swiss"]
[EventRounds "7"]
[EventCountry "GER"]
[SourceTitle "EXT 2022"]
[Source "ChessBase"]
[SourceDate "2021.10.06"]
[SourceVersion "1"]
[SourceVersionDate "2021.10.06"]
[SourceQuality "1"]

1. e4 c5 2. Nf3 Nc6 3. d4 cxd4 4. Nxd4 g6 5. Nc3 Bg7 6. Be3 Nf6 7. Bc4 0-0 8. Bb3 d6 9. f3 Na5 10. Qd2 Nxb3 11. Nxb3 Re8 12. 0-0-0 Nd7 13. Bd4 Bf8 14. h4 h6 15. g4 Kh7 16. Qf4 f6 17. h5 g5 18. Qf5+ Kg8 19. Qd5+ e6 20. Qc4 Nb6 21. Qd3 e5 22. Bxb6 Qxb6 23. Nd5 Qd8 24. Qb5 Kf7 25. Rd3 b6 26. Rc3 Bd7 27. Qa6 Bc8 28. Qc4 Be6 29. Qc7+ Be7 30. Rd1 Bxd5 31. Rxd5 Qxc7 32. Rxc7 Ke6 33. Nd2 Rec8 34. Rxc8 Rxc8 35. Nf1 Rc5 36. Ne3 Bf8 37. Kd2 Kd7 38. b4 Rc6 39. a4 Kc8 40. a5 Kb7 41. Kd3 a6 42. c4 bxa5 43. Rxa5 Be7 44. Nd5 Bd8 45. Ra1 Rc8 46. b5 a5 47. Kc3 Bb6 48. Kb3 Bd8 49. Ne3 Bc7 50. Nf5 Rh8 51. Rd1 Kb6 52. Rd5 Ka7 53. Nxd6 Bd8 54. Nf7 Rh7 55. Nxd8 Rc7 56. c5 1-0

[Event "Daehne Cup Region 15/16 IV"]
[Site "Isernhagen"]
[Date "2016.05.28"]
[Round "1"]
[White "Majewski, Thomas"]
[Black "Zweigait, Leon"]
[Result "1-0"]
[WhiteElo "1843"]
[BlackElo "1298"]
[PlyCount "97"]
[EventDate "2016.05.28"]
[EventType "k.o."]
[EventCountry "GER"]
[SourceTitle "EXT 2022"]
[Source "ChessBase"]
[SourceDate "2021.10.06"]
[SourceVersion "1"]
[SourceVersionDate "2021.10.06"]
[SourceQuality "1"]

1. e4 e6 2. d4 d5 3. Nc3 b6 4. Bb5+ Bd7 5. Bd3 c5 6. exd5 cxd4 7. dxe6 Bxe6 8. Be4 Bb4 9. a3 Bc5 10. b4 Be7 11. Bxa8 dxc3 12. Qxd8+ Bxd8 13. Nf3 Bf6 14. Bg5 Bf5 15. 0-0 Bxc2 16. Rfe1+ Be7 17. Bxe7 Nxe7 18. Rac1 Bf5 19. Nd4 Bd7 20. Rxc3 Kd8 21. Rec1 Na6 22. Bb7 Nb8 23. Rc7 Nbc6 24. Rxd7+ Kxd7 25. Nxc6 Nxc6 26. Bxc6+ Kd6 27. Be4 h6 28. Rd1+ Ke5 29. f3 Rc8 30. Rd7 f5 31. Rd5+ Ke6 32. Rxf5 Rc3 33. a4 Rb3 34. Bd5+ Kxf5 35. Bxb3 Ke5 36. Kf2 g5 37. Ke3 h5 38. g3 a6 39. a5 b5 40. Bf7 h4 41. Be8 Kd6 42. Ke4 Kc7 43. Kf5 hxg3 44. hxg3 Kd6 45. Bf7 Ke7 46. Be6 Kd6 47. Bc8 Kd5 48. Bxa6 Kc4 49. Bxb5+ 1-0

[Event "Daehne Cup Region 15/16 V Rest"]
[Site "Bissendorf"]
[Date "2016.04.29"]
[Round "4"]
[White "Mueller, Wolfgang"]
[Black "Majewski, Thomas"]
[Result "0-1"]
[WhiteElo "1794"]
[BlackElo "1832"]
[PlyCount "62"]
[EventDate "2016.03.??"]
[EventType "swiss"]
[EventCountry "GER"]
[SourceTitle "EXT 2022"]
[Source "ChessBase"]
[SourceDate "2021.10.06"]
[SourceVersion "1"]
[SourceVersionDate "2021.10.06"]
[SourceQuality "1"]

1. e4 c5 2. c3 Nf6 3. d3 g6 4. f4 d6 5. Nf3 Nc6 6. Be2 Bg7 7. 0-0 0-0 8. h3 b5 9. e5 Nh5 10. Qe1 Bh6 11. Ng5 Ng7 12. Bf3 Qc7 13. d4 dxe5 14. d5 exf4 15. Nxh7 Kxh7 16. dxc6 Nf5 17. Qf2 c4 18. Be4 Ng3 19. Re1 Nxe4 20. Rxe4 Bf5 21. Bxf4 Bxf4 22. Rxf4 Qb6 23. Qxb6 axb6 24. Nd2 e5 25. Rh4+ Kg7 26. Nf3 f6 27. g4 Be4 28. Nd2 Bxc6 29. g5 f5 30. Nf1 f4 31. Re1 e4 0-1

[Event "Daehne Cup Region 15/16 V"]
[Site "Bissendorf"]
[Date "2016.04.01"]
[Round "2"]
[White "Nagel, Detlev"]
[Black "Majewski, Thomas"]
[Result "0-1"]
[WhiteElo "1452"]
[BlackElo "1832"]
[PlyCount "46"]
[EventDate "2016.03.18"]
[EventType "k.o."]
[EventRounds "5"]
[EventCountry "GER"]
[SourceTitle "EXT 2022"]
[Source "ChessBase"]
[SourceDate "2021.10.06"]
[SourceVersion "1"]
[SourceVersionDate "2021.10.06"]
[SourceQuality "1"]

1. Nf3 c5 2. b3 d5 3. e3 Nc6 4. Bb2 e6 5. d4 Nf6 6. Ne5 Bd7 7. a4 a6 8. Be2 Bd6 9. f4 Ne4 10. 0-0 0-0 11. Nd2 Ne7 12. Nxe4 dxe4 13. Nxd7 Qxd7 14. dxc5 Nf5 15. cxd6 Nxe3 16. Qd4 Nf5 17. Qxe4 Qxd6 18. Ba3 Qb6+ 19. Kh1 Rfd8 20. Bd3 g6 21. Rae1 Rd4 22. Qe5 Rd5 23. Qe4 Ng3+ 0-1

[Event "Hannover Region-ch"]
[Site "Hannover"]
[Date "2016.02.13"]
[Round "4"]
[White "Majewski, Thomas"]
[Black "Kiesel, Harald"]
[Result "0-1"]
[WhiteElo "1770"]
[BlackElo "2088"]
[PlyCount "62"]
[EventDate "2016.01.16"]
[EventType "swiss"]
[EventRounds "7"]
[EventCountry "GER"]
[SourceTitle "EXT 2020"]
[Source "ChessBase"]
[SourceDate "2019.10.17"]
[SourceVersion "1"]
[SourceVersionDate "2019.10.17"]
[SourceQuality "1"]

1. d4 e6 2. c4 Nf6 3. Nc3 Bb4 4. Bg5 c5 5. d5 h6 6. Bh4 d6 7. e3 Bxc3+ 8. bxc3 Qe7 9. Bd3 g5 10. Bg3 e5 11. Ne2 Nbd7 12. h4 Rg8 13. Qb1 Kd8 14. Kd2 Kc7 15. Qb5 Nb6 16. a4 Bd7 17. Qb3 a5 18. Rab1 Ra6 19. Ra1 Qe8 20. Bc2 Qc8 21. f3 Qe8 22. Qa2 Nh5 23. Bf2 g4 24. fxg4 Rxg4 25. g3 Nxc4+ 26. Kc1 Nb6 27. e4 f5 28. Bd3 Ra7 29. Bb5 Bxb5 30. axb5 Rxe4 31. Rb1 Nf6 0-1

[Event "Daehne Cup Region 14/15 V"]
[Site "Bissendorf"]
[Date "2015.04.17"]
[Round "1"]
[White "Majewski, Thomas"]
[Black "Burger, Jarl"]
[Result "1-0"]
[WhiteElo "1834"]
[BlackElo "1046"]
[PlyCount "49"]
[EventDate "2015.04.17"]
[EventType "k.o."]
[EventRounds "5"]
[EventCountry "GER"]
[SourceTitle "EXT 2022"]
[Source "ChessBase"]
[SourceDate "2021.10.06"]
[SourceVersion "1"]
[SourceVersionDate "2021.10.06"]
[SourceQuality "1"]

1. e4 c5 2. Nf3 d6 3. d4 cxd4 4. Nxd4 Nf6 5. Nc3 g6 6. Be3 Bg7 7. f3 0-0 8. Qd2 Bd7 9. 0-0-0 Nc6 10. Bc4 Nxd4 11. Bxd4 Qc7 12. Bb3 a5 13. a4 b6 14. h4 h5 15. g4 Rac8 16. g5 Ne8 17. Nd5 Qd8 18. Bxb6 Nc7 19. Nxc7 Rxc7 20. Qxa5 Rxc2+ 21. Bxc2 Qc8 22. Bd4 Be6 23. Bxg7 Kxg7 24. Qc3+ Qxc3 25. bxc3 1-0

[Event "Hannover Region-ch"]
[Site "Hannover"]
[Date "2014.03.22"]
[Round "4"]
[White "Majewski, Thomas"]
[Black "Kiesel, Lucas"]
[Result "1-0"]
[WhiteElo "1773"]
[BlackElo "1441"]
[PlyCount "59"]
[EventDate "2014.02.01"]
[EventType "swiss"]
[EventRounds "7"]
[EventCountry "GER"]
[SourceTitle "EXT 2021"]
[Source "ChessBase"]
[SourceDate "2020.10.23"]
[SourceVersion "1"]
[SourceVersionDate "2020.10.23"]
[SourceQuality "1"]

1. e4 d6 2. d4 Nf6 3. Nc3 g6 4. f4 Bg7 5. Nf3 c5 6. Bb5+ Bd7 7. e5 Bxb5 8. exf6 Bxf6 9. Nxb5 Nc6 10. c3 Qa5 11. Qe2 cxd4 12. Nxd6+ Kf8 13. Nc4 Qc5 14. Nce5 Kg7 15. Nxc6 bxc6 16. cxd4 Bxd4 17. Nxd4 Qxd4 18. Qe5+ Qxe5+ 19. fxe5 Rab8 20. b3 c5 21. Bg5 f6 22. Be3 fxe5 23. Bxc5 Rb7 24. 0-0 Rc8 25. b4 a5 26. a3 Rd7 27. Rae1 Rd3 28. Rxe5 Rxa3 29. Rxe7+ Kh6 30. Be3+ 1-0

[Event "Langenhagen-ch op"]
[Site "Langenhagen"]
[Date "2013.09.29"]
[Round "7"]
[White "Lick, Helmut"]
[Black "Majewski, Thomas"]
[Result "0-1"]
[WhiteElo "1424"]
[BlackElo "1743"]
[PlyCount "102"]
[EventDate "2013.06.22"]
[EventType "swiss"]
[EventRounds "7"]
[EventCountry "GER"]
[SourceTitle "EXT 2021"]
[Source "ChessBase"]
[SourceDate "2020.10.23"]
[SourceVersion "1"]
[SourceVersionDate "2020.10.23"]
[SourceQuality "1"]

1. d4 Nf6 2. c4 g6 3. Nc3 Bg7 4. Nf3 0-0 5. e3 c5 6. Be2 d5 7. cxd5 Nxd5 8. 0-0 Nc6 9. Nxd5 Qxd5 10. dxc5 Qxc5 11. a3 Rd8 12. Qa4 Be6 13. b4 Qf5 14. Bd2 Bxa1 15. Rxa1 Bd5 16. Rd1 a6 17. b5 axb5 18. Qxb5 Qc2 19. Rc1 Qa4 20. Qxa4 Rxa4 21. Bb5 Rxa3 22. Bxc6 Bxc6 23. Bb4 Rad3 24. Nd4 e5 25. Nf3 Rd1+ 26. Rxd1 Rxd1+ 27. Ne1 Rb1 28. Bc3 b5 29. f3 b4 30. Bd2 Rd1 31. Bxb4 f5 32. Kf2 Kf7 33. Ke2 Rb1 34. Bc3 Ke6 35. Kd2 g5 36. Kc2 Rb8 37. Nd3 Ba4+ 38. Kd2 Rd8 39. Bxe5 Rxd3+ 40. Kxd3 Kxe5 41. g3 h5 42. f4+ gxf4 43. exf4+ Kd5 44. Ke3 Kc4 45. h3 Bd1 46. Kd2 Bf3 47. Ke3 Bg2 48. g4 hxg4 49. hxg4 fxg4 50. f5 Kd5 51. Kf4 Bf3 0-1

[Event "Langenhagen-ch op"]
[Site "Langenhagen"]
[Date "2013.09.28"]
[Round "6"]
[White "Majewski, Thomas"]
[Black "Wittur, Helge"]
[Result "1-0"]
[WhiteElo "1743"]
[BlackElo "1865"]
[PlyCount "37"]
[EventDate "2013.06.22"]
[EventType "swiss"]
[EventRounds "7"]
[EventCountry "GER"]
[SourceTitle "EXT 2021"]
[Source "ChessBase"]
[SourceDate "2020.10.23"]
[SourceVersion "1"]
[SourceVersionDate "2020.10.23"]
[SourceQuality "1"]

1. e4 e6 2. d4 d5 3. Nc3 Nf6 4. e5 Nfd7 5. f4 c5 6. Nf3 Nc6 7. Be3 Qb6 8. Qd2 Be7 9. 0-0-0 0-0 10. f5 Ndxe5 11. Nxe5 Nxe5 12. dxe5 d4 13. f6 dxe3 14. Qxe3 gxf6 15. Qg3+ Kh8 16. Qh4 Re8 17. exf6 Bf8 18. Bd3 h6 19. Qe4 1-0

[Event "Daehne Cup Region II"]
[Site "Hannover"]
[Date "2012.02.13"]
[Round "2"]
[White "Wittur, Helge"]
[Black "Majewski, Thomas"]
[Result "1/2-1/2"]
[WhiteElo "1858"]
[BlackElo "1842"]
[PlyCount "46"]
[EventDate "2012.02.06"]
[EventType "k.o."]
[EventRounds "4"]
[EventCountry "GER"]
[SourceTitle "EXT 2022"]
[Source "ChessBase"]
[SourceDate "2021.10.06"]
[SourceVersion "1"]
[SourceVersionDate "2021.10.06"]
[SourceQuality "1"]

1. d4 Nf6 2. c4 g6 3. Nc3 Bg7 4. e4 d6 5. Nf3 0-0 6. Be2 e5 7. 0-0 Na6 8. dxe5 dxe5 9. Bg5 h6 10. Bh4 Qxd1 11. Rfxd1 Re8 12. h3 Nh5 13. Ne1 Nf4 14. Nd3 Nxe2+ 15. Nxe2 Be6 16. Rac1 c6 17. b4 Nc7 18. Nc5 Bc8 19. Nd7 a5 20. Nb6 Rb8 21. bxa5 Ne6 22. f3 Bf8 23. Bf2 Bb4 1/2-1/2

[Event "Hannover Region-ch"]
[Site "Langenhagen"]
[Date "2012.01.28"]
[Round "2"]
[White "Majewski, Thomas"]
[Black "Baum, Frank Christian"]
[Result "1-0"]
[WhiteElo "1842"]
[BlackElo "1625"]
[PlyCount "81"]
[EventDate "2012.01.14"]
[EventType "swiss"]
[EventRounds "7"]
[EventCountry "GER"]
[SourceTitle "EXT 2021"]
[Source "ChessBase"]
[SourceDate "2020.10.23"]
[SourceVersion "1"]
[SourceVersionDate "2020.10.23"]
[SourceQuality "1"]

1. e4 e6 2. d4 d5 3. Nc3 Nf6 4. Bg5 dxe4 5. Nxe4 Nbd7 6. Nf3 Be7 7. Nxf6+ Nxf6 8. Bd3 0-0 9. 0-0 b6 10. Re1 Bb7 11. Ne5 h6 12. Bh4 Nd7 13. Bxe7 Qxe7 14. Nf3 Qf6 15. Re3 Rfd8 16. c3 c5 17. Qe2 cxd4 18. Nxd4 Nc5 19. Bc4 a6 20. b4 Nd7 21. Nxe6 Rdc8 22. Nd4 b5 23. Bb3 Nf8 24. Re7 Ne6 25. Rxb7 Nxd4 26. cxd4 Qxd4 27. Rd1 Qc3 28. Rxf7 Kh8 29. h3 Re8 30. Qd2 Qe5 31. Qd4 Qg5 32. Qc5 Qg6 33. Qf5 Qxf5 34. Rxf5 Re4 35. a3 Re2 36. Rf7 Rae8 37. Rdd7 Re1+ 38. Kh2 Rg8 39. Ra7 Rb1 40. Rxg7 Rxg7 41. Ra8+ 1-0

[Event "Hannover Region-ch"]
[Site "Langenhagen"]
[Date "2012.01.14"]
[Round "1"]
[White "Nagel, Detlev"]
[Black "Majewski, Thomas"]
[Result "1/2-1/2"]
[WhiteElo "1350"]
[BlackElo "1842"]
[PlyCount "68"]
[EventDate "2012.01.14"]
[EventType "swiss"]
[EventRounds "7"]
[EventCountry "GER"]
[SourceTitle "EXT 2021"]
[Source "ChessBase"]
[SourceDate "2020.10.23"]
[SourceVersion "1"]
[SourceVersionDate "2020.10.23"]
[SourceQuality "1"]

1. Nf3 d6 2. g3 g6 3. Bg2 Bg7 4. Nc3 c5 5. 0-0 Nc6 6. d3 e6 7. e4 Nge7 8. Ne2 0-0 9. Rb1 d5 10. exd5 exd5 11. a3 Re8 12. c3 Bg4 13. h3 Be6 14. Nf4 Qd7 15. Ng5 h6 16. Ngxe6 fxe6 17. b4 cxb4 18. cxb4 e5 19. Ne2 Rac8 20. Bd2 Nf5 21. f4 Ncd4 22. Nxd4 exd4 23. Qf3 Rc2 24. Rf2 Ne7 25. Re1 Ra2 26. Bc1 Rxf2 27. Kxf2 Qc7 28. Qd1 Rf8 29. Qe2 Rf7 30. Bb2 g5 31. Bc1 Qc6 32. Kg1 Qg6 33. fxg5 hxg5 34. g4 Kh7 1/2-1/2

[Event "Langenhagen-ch op"]
[Site "Langenhagen"]
[Date "2010.10.03"]
[Round "7"]
[White "Majewski, Thomas"]
[Black "Braun, Alexander"]
[Result "1/2-1/2"]
[WhiteElo "1719"]
[BlackElo "1615"]
[PlyCount "75"]
[EventDate "2010.07.31"]
[EventType "swiss"]
[EventRounds "7"]
[EventCountry "GER"]
[SourceTitle "EXT 2021"]
[Source "ChessBase"]
[SourceDate "2020.10.23"]
[SourceVersion "1"]
[SourceVersionDate "2020.10.23"]
[SourceQuality "1"]

1. e4 d6 2. d4 g6 3. Nc3 Bg7 4. f4 Nf6 5. Nf3 0-0 6. Bd3 Nc6 7. e5 dxe5 8. dxe5 Nd5 9. Nxd5 Qxd5 10. c3 Rd8 11. Bc2 Qc5 12. Qe2 Bg4 13. Be3 Bxf3 14. Qxf3 Qd5 15. Qxd5 Rxd5 16. Bb3 Rd3 17. Ke2 Rad8 18. Bc4 R3d7 19. e6 Rd6 20. exf7+ Kf8 21. Rhd1 Rxd1 22. Rxd1 Rxd1 23. Kxd1 b6 24. Ke2 Nd8 25. Kd3 Nxf7 26. a4 e5 27. Bxf7 Kxf7 28. a5 Ke6 29. Ke4 bxa5 30. g3 a6 31. g4 exf4 32. Bxf4 a4 33. Bxc7 a3 34. bxa3 Bxc3 35. h3 Bb2 36. a4 Ba1 37. Bf4 Bb2 38. Bc7 1/2-1/2

[Event "Langenhagen-ch op"]
[Site "Langenhagen"]
[Date "2010.09.04"]
[Round "4"]
[White "Majewski, Thomas"]
[Black "Kiselev, Alexander2"]
[Result "1-0"]
[WhiteElo "1719"]
[BlackElo "1970"]
[PlyCount "57"]
[EventDate "2010.07.31"]
[EventType "swiss"]
[EventRounds "7"]
[EventCountry "GER"]
[SourceTitle "EXT 2021"]
[Source "ChessBase"]
[SourceDate "2020.10.23"]
[SourceVersion "1"]
[SourceVersionDate "2020.10.23"]
[SourceQuality "1"]

1. e4 d5 2. exd5 Nf6 3. Nf3 Nxd5 4. d4 g6 5. c4 Nb6 6. Nc3 Bg7 7. c5 Nd5 8. Bc4 c6 9. 0-0 0-0 10. Re1 h6 11. h3 Na6 12. Ne5 Nac7 13. a3 Be6 14. Bd3 Qe8 15. f4 f5 16. Qf3 Nxc3 17. bxc3 Bd5 18. Qe2 Kh7 19. Rb1 Rb8 20. g4 Be6 21. c4 Qd8 22. Bb2 Rg8 23. Kh2 Bf6 24. Nxg6 Rxg6 25. gxf5 Rg7 26. fxe6+ Kg8 27. Rg1 Qf8 28. Qe4 Kh8 29. Rxg7 1-0